[Event "Martinique-ch"]
[Site "Madiana"]
[Date "2016.05.14"]
[Round "10"]
[White "Chancerel, Dominique"]
[Black "Coat, Gabriel"]
[Result "1-0"]
[WhiteElo "1853"]
[BlackElo "1327"]
[PlyCount "105"]
[EventDate "2016.05.05"]
[EventType "tourn"]
[EventRounds "11"]
[EventCountry "MFR"]
[SourceTitle "EXT 2019"]
[Source "ChessBase"]
[SourceDate "2018.10.10"]
[SourceVersion "1"]
[SourceVersionDate "2018.10.10"]
[SourceQuality "1"]

1. e4 e5 2. f4 d6 3. Nf3 Bg4 4. Nc3 Nc6 5. Bb5 Nge7 6. 0-0 Qd7 7. h3 a6 8. Bxc6 bxc6 9. hxg4 Qxg4 10. fxe5 Ng6 11. d4 dxe5 12. Ng5 Qxd1 13. Nxd1 f6 14. Ne6 Kd7 15. Nxf8+ Raxf8 16. Be3 Re8 17. dxe5 Nxe5 18. Nf2 Nc4 19. Bd4 Nd2 20. Rfd1 Nxe4 21. Bxf6+ Kc8 22. Bxg7 Rhg8 23. Bd4 Ng3 24. c3 Ne2+ 25. Kh2 Nf4 26. g3 Nh5 27. Rg1 Re2 28. b4 Rf8 29. Rg2 h6 30. Nd3 Re6 31. Nc5 Rg6 32. Nxa6 Kb7 33. Nc5+ Kc8 34. Re1 Ng7 35. Rge2 Kd8 36. Bxg7 Rxg7 37. Ne6+ Kc8 38. Nxg7 Kb7 39. Ne6 Rf3 40. c4 Rc3 41. Nc5+ Ka7 42. Re4 Rc2+ 43. R1e2 Rc1 44. Nb3 Rd1 45. Re5 Rd8 46. Na5 Kb6 47. a4 Rd4 48. c5+ Ka6 49. Nxc6 Rd1 50. b5+ Kb7 51. Re8 Rd8 52. Rxd8 h5 53. Rb8# 1-0

[Event "Martinique-ch"]
[Site "Madiana"]
[Date "2016.05.07"]
[Round "3"]
[White "Tin, Romain"]
[Black "Coat, Gabriel"]
[Result "1-0"]
[WhiteElo "1571"]
[BlackElo "1327"]
[PlyCount "87"]
[EventDate "2016.05.05"]
[EventType "tourn"]
[EventRounds "11"]
[EventCountry "MFR"]
[SourceTitle "EXT 2019"]
[Source "ChessBase"]
[SourceDate "2018.10.10"]
[SourceVersion "1"]
[SourceVersionDate "2018.10.10"]
[SourceQuality "1"]

1. e4 e6 2. Nc3 Bb4 3. Nge2 Ne7 4. g3 b6 5. Bg2 Bb7 6. 0-0 0-0 7. Qe1 Ng6 8. a3 Be7 9. d4 Re8 10. f4 f5 11. e5 Bxg2 12. Kxg2 d6 13. Be3 dxe5 14. dxe5 Nd7 15. Rd1 Qc8 16. Qf2 Qb7+ 17. Qf3 Qxf3+ 18. Kxf3 Nc5 19. b4 Na6 20. Nd4 Rad8 21. b5 Nc5 22. Nc6 Rxd1 23. Rxd1 Nf8 24. Nxe7+ Rxe7 25. Bxc5 bxc5 26. Rd8 Rd7 27. Rxd7 Nxd7 28. Na4 c4 29. Ke3 Kf7 30. Kd4 Nb6 31. Nxb6 cxb6 32. Kxc4 Ke7 33. Kd4 Kd7 34. c4 Kc7 35. c5 Kb7 36. c6+ Kc7 37. g4 fxg4 38. f5 exf5 39. Kd5 f4 40. e6 Kd8 41. Kd6 f3 42. c7+ Kc8 43. e7 f2 44. e8Q+ 1-0